<?xml version="1.0" encoding="UTF-8"?>
<record
    xmlns:xsi="http://www.w3.org/2001/XMLSchema-instance"
    xsi:schemaLocation="http://www.loc.gov/MARC21/slim http://www.loc.gov/standards/marcxml/schema/MARC21slim.xsd"
    xmlns="http://www.loc.gov/MARC21/slim">

  <leader>01016nam a22002537a 4500</leader>
  <controlfield tag="005">20170124103220.0</controlfield>
  <datafield tag="010" ind1=" " ind2=" ">
    <subfield code="a">B-158186</subfield>
  </datafield>
  <datafield tag="020" ind1=" " ind2=" ">
    <subfield code="c">50.00</subfield>
  </datafield>
  <datafield tag="035" ind1=" " ind2=" ">
    <subfield code="a">B-158186</subfield>
  </datafield>
  <datafield tag="037" ind1=" " ind2=" ">
    <subfield code="b">Cen Lib/Ret</subfield>
  </datafield>
  <datafield tag="040" ind1=" " ind2=" ">
    <subfield code="a">DPL</subfield>
    <subfield code="b">HN</subfield>
  </datafield>
  <datafield tag="082" ind1=" " ind2=" ">
    <subfield code="a">230.41</subfield>
    <subfield code="b">&#x932;&#x93E;&#x916;&#x94B;&#x91F;&#x93F;</subfield>
  </datafield>
  <datafield tag="100" ind1=" " ind2=" ">
    <subfield code="a">&#x932;&#x93E;&#x916;&#x94B;&#x91F;&#x93F;&#x92F;&#x93E;, &#x92E;&#x941;&#x930;&#x932;&#x940;&#x927;&#x930; </subfield>
    <subfield code="9">101087</subfield>
  </datafield>
  <datafield tag="245" ind1=" " ind2=" ">
    <subfield code="a">&#x935;&#x93E;&#x938;&#x94D;&#x924;&#x935;&#x93F;&#x915; &#x91C;&#x940;&#x935;&#x928; &#x915;&#x93E; &#x930;&#x939;&#x938;&#x94D;&#x92F; /</subfield>
    <subfield code="c">&#x92E;&#x941;&#x930;&#x932;&#x940;&#x927;&#x930; &#x932;&#x93E;&#x916;&#x94B;&#x91F;&#x93F;&#x92F;&#x93E;</subfield>
  </datafield>
  <datafield tag="246" ind1=" " ind2=" ">
    <subfield code="a">Vastvik jeevan ka rahasye /</subfield>
    <subfield code="b">by Murlidhar Lakhotiya </subfield>
  </datafield>
  <datafield tag="260" ind1=" " ind2=" ">
    <subfield code="a">&#x928;&#x908; &#x926;&#x93F;&#x932;&#x94D;&#x932;&#x940; </subfield>
    <subfield code="b">&#x930;&#x941;&#x91A;&#x93F;&#x915;&#x93E; &#x92A;&#x92C;&#x94D;&#x932;&#x93F;&#x915;&#x947;&#x936;&#x928;&#x94D;&#x938; </subfield>
  </datafield>
  <datafield tag="270" ind1=" " ind2=" ">
    <subfield code="b">&#x928;&#x908; &#x926;&#x93F;&#x932;&#x94D;&#x932;&#x940; </subfield>
    <subfield code="a">7/6411, &#x926;&#x947;&#x935; &#x928;&#x917;&#x930;, &#x915;&#x930;&#x94B;&#x932; &#x92C;&#x93E;&#x917; </subfield>
    <subfield code="e">110005</subfield>
  </datafield>
  <datafield tag="300" ind1=" " ind2=" ">
    <subfield code="a">160&#x92A;&#x943;.</subfield>
    <subfield code="c">20&#x938;&#x947;&#x92E;&#x940;(&#x938;&#x91C;&#x93F;&#x932;&#x94D;&#x926;)</subfield>
  </datafield>
  <datafield tag="650" ind1=" " ind2=" ">
    <subfield code="a">&#x908;&#x938;&#x93E;&#x908; &#x927;&#x930;&#x94D;&#x92E;</subfield>
    <subfield code="9">1541</subfield>
  </datafield>
  <datafield tag="650" ind1=" " ind2=" ">
    <subfield code="a">&#x927;&#x930;&#x94D;&#x92E;</subfield>
    <subfield code="9">101088</subfield>
  </datafield>
  <datafield tag="650" ind1=" " ind2=" ">
    <subfield code="a">Christianity </subfield>
    <subfield code="9">3734</subfield>
  </datafield>
  <datafield tag="650" ind1=" " ind2=" ">
    <subfield code="a">Religion </subfield>
    <subfield code="9">101089</subfield>
  </datafield>
  <datafield tag="942" ind1=" " ind2=" ">
    <subfield code="2">ddc</subfield>
    <subfield code="c">HN</subfield>
    <subfield code="h">230.41</subfield>
    <subfield code="m">&#x932;&#x93E;&#x916;&#x94B;&#x91F;&#x93F;</subfield>
  </datafield>
  <datafield tag="999" ind1=" " ind2=" ">
    <subfield code="c">121810</subfield>
    <subfield code="d">121810</subfield>
  </datafield>
  <datafield tag="952" ind1=" " ind2=" ">
    <subfield code="0">0</subfield>
    <subfield code="1">0</subfield>
    <subfield code="4">0</subfield>
    <subfield code="7">0</subfield>
    <subfield code="a">L</subfield>
    <subfield code="b">L</subfield>
    <subfield code="d">2015-10-13</subfield>
    <subfield code="e">Cen Lib/Ret</subfield>
    <subfield code="g">50.00</subfield>
    <subfield code="l">5</subfield>
    <subfield code="m">2</subfield>
    <subfield code="o">230.41 &#x932;&#x93E;&#x916;&#x94B;&#x91F;&#x93F;</subfield>
    <subfield code="p">B-158186</subfield>
    <subfield code="r">2018-07-23 00:00:00</subfield>
    <subfield code="s">2018-07-09</subfield>
    <subfield code="t">1</subfield>
    <subfield code="v">50.00</subfield>
    <subfield code="w">2015-10-13</subfield>
    <subfield code="y">HN</subfield>
  </datafield>
</record>
